00394nam a2200121 a 450000100100000000500170001000800410002704000250006810000230009324500710011626000640018730000210025100003083820200930062536.0110531s1941 dr 000 0 spa d aDO-SdBNPbspacBNPHU1 aSevez, Francois F.10aBosquejo biográfico del Padre Fantino /cFrancois F. Sevez Fils. aLa Vega, República Dominicana :bImp. El Progreso,c1941. a154 p. ;c22 cm.